00911nam a2200229Ia 450000500170000000800410001702000150005804000590007304100080013210000150014024501590015526000820031430000180039649000530041465000160046765000270048365000350051065000210054565100250056670000350059176500550062620211108105533.0130821s1985 ck gr spa  a8489205051 aCo-BoUCMbspacAldemar Mondragón (modificó)dNuevo00aspa1 aTwinam, Am10aMineros, comerciantes y labradores Las raíces del espíritu empresarial en Antioquia 1763-1810cAm Twinam ; traducción Cecilia Inés Restrepo de M. aMedellín (Antioquia, Colombia)bFondo Rotatorio de Publicaciones FAESc1985 a252 páginas aBiblioteca Colombiana de Ciencias Sociales ; v.604aAgricultura04aDesarrollo económico04aEmpresaszAntioquia (Colombia)04aIndustria minera aAntioquia (Colombia)1 aRestrepo de M., Cecilia Inés tMiners, mercahnts and farmers in Colonial Colombia